Ir para o conteúdo

Основы общей химии Учебное пособие

В учебном пособии изложены теоретические основы курса общей и неорганической химии: основные понятия и законы химии строение атома Периодический закон и Периодическая система химических элементов Д.И. Менделеева химическая связь и строение молекул основные представления о химической термодинамике хи...

ver descrição completa

Na minha lista:
Detalhes bibliográficos
Autor principal: Елфимов В. И.
Formato: Учебное пособие
Edição:2
Colecção:Высшее образование: Бакалавриат
Acesso em linha:https://znanium.com/catalog/document?id=423016
https://znanium.com/cover/1945/1945264.jpg
Tags: Adicionar Tag
Sem tags, seja o primeiro a adicionar uma tag!
LEADER 02934nam0a2200397 i 4500
001 RU\infra-m\znanium\bibl\1945264
003 https://znanium.com/catalog/document?id=423016
005 20250818000000.0
010 |a 978-5-16-010066-1 
010 |a 978-5-16-101776-0  |b электр. издание 
100 |a 20250818d2022 m y0rusy0150 ca 
101 0 |a rus 
102 |a RU 
200 1 |a Основы общей химии  |e Учебное пособие  |f Московский политехнический университет 
205 |a 2 
210 1 |a Москва  |c ООО "Научно-издательский центр ИНФРА-М"  |d 2022 
215 |a 256 с. 
225 1 |a Высшее образование: Бакалавриат 
330 |a В учебном пособии изложены теоретические основы курса общей и неорганической химии: основные понятия и законы химии строение атома Периодический закон и Периодическая система химических элементов Д.И. Менделеева химическая связь и строение молекул основные представления о химической термодинамике химической кинетике и равновесии коллигативные свойства растворов ионные равновесия в водных растворах окислительно-восстановительные реакции основы электрохимии. Для студентов вузов обучающихся по химико-технологическим направлениям. Может представлять интерес для студентов изучающих нехимические специальности. 
333 |a ВО - Бакалавриат 
606 |a Химические науки  |x Общая и неорганическая химия  |2 local 
608 |a Учебное пособие  |2 local 
675 |a 54(075.8)  |z rus 
686 |a 24.1я73  |2 rubbk 
686 |a 04.03.01  |2 okso 
686 |a 04.03.02  |2 okso 
686 |a 04.05.01  |2 okso 
686 |a 18.01.01  |2 okso 
686 |a 31.05.01  |2 okso 
686 |a 31.05.02  |2 okso 
686 |a 31.05.03  |2 okso 
686 |a 33.05.01  |2 okso 
700 1 |a Елфимов  |b В. И.  |g Валерий Иванович  |p Московский политехнический университет 
801 0 |a RU  |b Общество с ограниченной ответственностью «ЗНАНИУМ»  |c 20221208  |2 rusmarc 
856 4 |a znanium.com  |m ebs_support@infra-m.ru  |n НИЦ ИНФРА-М  |u https://znanium.com/catalog/document?id=423016 
856 4 1 |a znanium.com  |d /cover/1945  |f 1945264.jpg  |q image/jpeg  |u https://znanium.com/cover/1945/1945264.jpg 
Cannot write session to /tmp/vufind_sessions/sess_suja8miu9basl49ld0ob1r05on